000 01628nam0a22002891 4500
001 RU\NLR\A1SV\28516
005 20251203171251.9
035 _a(NLR Aleph) 009712455
090 _a9840135
_c9840135
100 _a19800728d1920 u y0rusy50 ca
101 0 _arus
102 _aRU
200 1 _aИсполняйте законы Советской республики
_fРед. Отд. законод. предположений Нар. ком. юст. Александр Гойхбарг
210 _a[М.]
_cИзд-во Донобагентства Центропечати В.Ц.И.К. советов
_d1920
215 _a16 с.
_d18 см
300 _aАвт. указан в конце текста
451 0 _1001RU\NLR\A1SV\28517
_12001#$aИсполняйте законы Советской республики$fРед. Отд. законод. предположений Нар. ком. юст. Александр Гойхбарг$gРКП(б)
_1700#1$aГойхбарг$bА.Г.$f1883-1962$gАлександр Григорьевич$4070
_99840142
_aГойхбарг, А.Г. (1883-1962)
_cМ.
_d1919
_fРед. Отд. законод. предположений Нар. ком. юст. Александр Гойхбарг
_nКоммунист
_p16 с.
_tИсполняйте законы Советской республики
620 _dМосква
700 1 _aГойхбарг
_bА.Г.
_f1883-1962
_gАлександр Григорьевич
_4070
801 0 _aRU
_bNLR
_c19800728
852 _aNLR
_j37.63.2.438
899 _aРГБ
899 _aРКП
942 _cBOOK
980 _aNB
980 _aA1SV